000 00600nam a2200217 a 4500
005 20140310183342.0
008 061220s19uu xx 00 eng d
020 _a9991534768
050 _aTK 5105.888
_b.D66 2002
100 _aDonnelly, Daniel
245 _aWWW design flash. /
_cDaniel Donnely.
260 _aU.S.A :
_bRockport Publishers Inc,
_c2002.
300 _a159 p. :
_bill. col. ;
_c28 cm.
521 _aMA
650 _aFlash (Computer file).
650 _aComputer animation.
650 _aComputer graphics.
650 _aWeb sites.
942 _cBK
_2lcc
_kFOR
999 _c21836
_d21836